Business grammar builder : for class and self study /

Guardado en:
Autor Principal: Emmerson, Paul
Formato: Libro
Publicado: Oxford : Macmillan, 2008
Materias:
Etiquetas: Agregar Etiqueta
Sin Etiquetas, Sea el primero en etiquetar este registro!
LEADER 00545nam a22001935a 4500
001 CEM.cems014581
005 20150413161740.0
008 130507s2008##################000#0#####d
003 CEMS
020 |a 9780333754924 
082 0 4 |a 425 
100 1 |a Emmerson, Paul 
245 1 0 |a Business grammar builder :  |b for class and self study /  |c Paul Emmerson 
260 |a Oxford :  |b Macmillan,  |c 2008 
300 |a 271 p. 
500 |a Texto en inglés 
653 |a Inglés 
653 |a Texto-inglés 
859 |a CEMS  |b BIB. CEMS - 11 de abril  |h 425  |i Em33  |p 27143.15  |t Ej.1